| 000 | 00943cam a22002655i 4500 | ||
|---|---|---|---|
| 005 | 20181126115437.0 | ||
| 008 | 150116s2018 ck fr 000 0 spa | ||
| 010 | _a 2014422063 | ||
| 020 | _a9789587677195 (2a.Ed.) | ||
| 020 | _a9789587671230 | ||
| 040 |
_aCO-BoUCM _bspa _cSaul Niño (Modificó) _dJose A. Gerena |
||
| 041 | 0 | _aspa | |
| 100 | 1 |
_aArenas Mendoza, Hugo Andrés _944067 |
|
| 245 | 1 | 3 |
_aEl régimen de responsabilidad subjetiva _cHugo Andrés Arenas Mendoza. |
| 250 | _aSegunda edición | ||
| 260 |
_aBogotá (Colombia) _bLegis _c2018 |
||
| 300 | _axxxix, 439 páginas | ||
| 504 | _aIncluye referencias bibliográficas e índices | ||
| 650 | 7 |
_912695 _aDerecho administrativo |
|
| 650 | 7 |
_923667 _aResponsabilidad administrativa |
|
| 650 | 7 |
_923675 _aResponsabilidad del Estado |
|
| 690 |
_aDerecho administrativo _912695 |
||
| 942 |
_2DEWEY _a8 _cLIBRO _e1 _h342.088 _mA681 |
||
| 999 |
_c298219 _d298219 |
||